000 00300nam a22001217a 4500
020 _a0 904783 00 6
082 _aREF 382.0943 DIR
245 _aThe Directory of British Importers
250 _a1st ed
260 _aLondon
_bTrade Research Publications
_c1975
300 _axvi,190p
_b30cm
942 _cBK
999 _c13750
_d13750